000 00741nam a2200265Ia 4500
003 OSt
005 20221006140717.0
006 a|||||r|||| 00| 0
007 ta
008 221006b |||||||| |||| 00| 0 jpn d
020 _c¥2800
024 _a441
037 _bGift, Japan Foundation
_cTextual
040 _aEASL
_cEASL
_bjpn
041 _2jpn
_ajpn
082 _aY15.42, M9
100 _aYAMAGUCHI Miyoko Ed.
_9643262
245 0 _a(Shiryo) Meijikeimoki no fujin mondai ronso no shuhen
260 _aTokyo
_bDomesu Shuppan Japan
_c1989
300 _a216p.
_ccm.
490 _v JL
650 _aJL
942 _hY15.42, M9
_cTEXL
_2CC
999 _c1068528
_d1068528